Top 30 Largest Regional Victorian Urban Areas - Statistics

General Stats
  • This quiz has been taken 27 times
  • The average score is 15 of 30
Answer Stats
Hint Answer % Correct
180,239 Geelong
100%
105,348 Ballarat
96%
100,649 Bendigo
91%
35,652 Mildura
91%
37,839 Wodonga
78%
49,862 Shepparton-Mooroopna
74%
13,764 Echuca
70%
13,734 Bairnsdale
65%
76,346 Melton
65%
14,100 Sale
65%
27,628 Traralgon
65%
35,743 Warrnambool
61%
19,712 Wangaratta
57%
16,289 Horsham
52%
10,869 Swan Hill
52%
15,758 Moe-Newborough
48%
14,068 Morwell
43%
38,010 Sunbury
39%
18,534 Torquay
39%
19,134 Warragul
39%
10,577 Castlemaine
35%
12,348 Colac
35%
14,741 Wallan
35%
21,692 Bacchus Marsh
30%
14,764 Drouin
30%
22,035 Ocean Grove-Barwon Heads
26%
10,999 Gisborne
22%
15,772 Lara
22%
16,199 Drysdale-Clifton Springs
13%
12,319 Leopold
4%
No matching quizzes found
Score Distribution
Percent of People with Each Score
Percentile by Number Answered
Your Score History
You have not taken this quiz